Kunststoffe nach chemischer Struktur erkennen - Statistiken

Allgemein
  • Dieses Quiz wurde 13 mal gespielt
  • Das Durchschnittsergebnis liegt bei 5 aus 16
Antwortstatistiken
Bildquiz Antwort % Korrekt
Polyethylen (PE)
69%
Polytetrafluorethylen / Teflon (PTFE)
62%
Polyvinylchlorid (PVC)
62%
Polystyrol (PS)
54%
Polypropylen (PP)
46%
Polyethylenterephthalat (PET)
38%
Polybutylenterephthalat (PBT)
31%
Polydimethylsiloxan (PDMS)
31%
Polyamid 66 / Nylon 66 (PA66)
23%
Polyisopren / Isopren-Kautschuk (IR)
23%
Polymethylmethacrylat (PMMA)
23%
Polyvinylalkohol (PVAL/PVOH)
23%
Polycaprolactam / Polyamid 6 (PA6)
15%
Polylactid / Polymilchsäure (PLA)
15%
Polyvinylacetat (PVAC/PVA)
15%
Polyvinylidenfluorid (PVDF)
15%
Keine übereinstimmenden Quizze gefunden
Verteilung der Resultate
Anzahl Personen mit jedem Resultat
Perzentil nach korrekt beantworteten Fragen
Ihre Resultats-Entwicklung
Sie haben dieses Quiz noch nicht gespielt